| 000 | 00597nam a2200193 i 4500 | ||
|---|---|---|---|
| 001 | 150756 | ||
| 003 | ES-MaACL | ||
| 005 | 20231030183226.0 | ||
| 007 | t| | ||
| 008 | 071108s1948 sp ||||1| spa d | ||
| 100 | 1 |
_aFerrandis Torres, Manuel. _950268 |
|
| 245 | 1 | 0 |
_aHistoria general de la cultura / _cpor Don Manuel Ferrandis Torres. |
| 250 | _a3ª ed. | ||
| 260 |
_aMadrid : _b[s.n.], _c1948 ( _fGráf. Estades) |
||
| 300 |
_a2 v. : _bCXXVI lám ; CIV lám. ; _c25 cm. |
||
| 650 | 4 |
_aCivilización- _xHistoria _911082 |
|
| 852 |
_aES-MaACL _jF-15446-47 |
||
| 999 |
_c150756 _d150756 |
||